000 00722nmm a2200277 a 4500
003 AR-BaBNM
005 20251128211520.0
008 254120s1999 ||||||||||||||000 | spa||
020 _a987-9216-93-8
040 _cAR-BaBNM
245 1 0 _aLos mejores cuentos del litoral
250 _a1ª ed.
260 _aBuenos Aires
_bAmeghino Editora
_c1999
300 _a234 p.
504 _aContiene referencias bibliográficas
650 4 _aLITERATURA ARGENTINA
650 4 _aCUENTOS
650 4 _aLITERATURA CONTEMPORANEA
650 4 _aESCRITORES
650 4 _aANTOLOGIAS
651 4 _aMesopotamia [Argentina]
655 _aLITERATURA
700 1 _aIsaías, Jorge
_ecompilador
942 _cBK
998 _cmartin
999 _c19982
_d19982